| 000 | 02022cam a22005414i 4500 | ||
|---|---|---|---|
| 003 | PE-LiUPU | ||
| 005 | 20250731180111.0 | ||
| 008 | 170726s2016 mx a rb 000 0 spa d | ||
| 020 | _a6071726379 | ||
| 020 | _a9786071726377 | ||
| 035 | _a(Sirsi) a238021 | ||
| 040 |
_aPE-LiUPU _bspa _cPE-LiUPU _erda |
||
| 049 | _aPRUA | ||
| 082 | 0 | 4 |
_a540 _bT68 _220 |
| 100 | 1 |
_aToledo Cabrera, Martha, _eautor. |
|
| 245 | 1 | 0 |
_aQuímica II : _bpara bachillerato / _cMartha Toledo Cabrera. |
| 250 | _aSegunda edición. | ||
| 264 | 1 |
_aMéxico : _bTrillas, _c2016. |
|
| 300 |
_a243 páginas : _bilustraciones ; _c24 centímetros |
||
| 336 |
_atext _2rdacontent |
||
| 337 |
_aunmediated _2rdamedia |
||
| 338 |
_avolume _2rdacarrier |
||
| 504 | _aBibliografía : página 243. | ||
| 505 | 0 | _aLa noción de mol en la cuantificación de procesos químicos -- La contaminación del agua, del aire y del suelo -- Sistemas dispersos. Características y utilidad -- Química orgánica. La importancia de los compuestos del cabono en la vida diaria -- Macromoléculas naturales y sintéticas. | |
| 526 | _aSEG44 | ||
| 526 | _aSEG26 | ||
| 526 | _aP159 | ||
| 526 | _aP155 | ||
| 526 | _aP154 | ||
| 526 | _aP153 | ||
| 526 | _aP150 | ||
| 526 | _aP100 | ||
| 526 | _aP31 | ||
| 526 | _aP30 | ||
| 526 | _aP26 | ||
| 526 | _aP25 | ||
| 526 | _aP24 | ||
| 526 | _aP22 | ||
| 526 | _aP15 | ||
| 526 | _aP10 | ||
| 650 | 0 | 4 | _aQuímica - Estudio y enseñanza. |
| 910 |
_ajck _bncf _cncf _d20170726 |
||
| 942 |
_2ddc _cBOOK |
||
| 949 |
_a540 T68 _wDEWEY _c1 _i76601 _lCCODEBUL1 _mBUL _p23.07 _r0 _sY _tBOOK _u2017-07-26 _xFIA _zINGENIERIA _0COMPRA _o.STAFF. Colección Ingenieria y Arquitectura |
||
| 596 | _a1 | ||
| 999 |
_a540 T68 _wDEWEY _c24732 _i76601 _d24732 _e2019-11-25 _f2021-11-5 _g5 _lCCODEBUL1 _mBUL _n2 _p23.07 _q2 _r0 _sY _tBOOK _u2017-7-26 _xBIBLIOTECA _PP26 _0COMPRA _o.STAFF. Colección Ingeniería y Arquitectura |
||
| 980 |
_81 _gALBERTO SANCHEZ Responsable de Automatización |
||